[Event "SVK-ch U08 Girls"]
[Site "Dudince"]
[Date "2023.04.21"]
[Round "7"]
[White "Plancarova, Monika"]
[Black "Stricova, Viktoria Lea"]
[Result "0-1"]
[WhiteElo "1091"]
[BlackElo "1106"]
[PlyCount "50"]
[EventDate "2023.04.16"]
[EventType "swiss"]
[EventRounds "9"]
[EventCountry "SVK"]
[SourceTitle "CBM 213 Extra"]
[Source "ChessBase"]
[SourceDate "2023.05.31"]
[SourceVersion "1"]
[SourceVersionDate "2023.05.31"]
[SourceQuality "1"]

1. e4 e5 2. Nf3 Nc6 3. Bc4 Nf6 4. Nc3 Bb4 5. d3 h6 6. Bd2 0-0 7. a3 Bxc3 8. Bxc3 d6 9. 0-0 Bg4 10. Bb5 Qd7 11. h3 Bh5 12. d4 Qe7 13. Bxc6 bxc6 14. Qd3 Qe6 15. dxe5 Bxf3 16. exf6 Bxe4 17. Qe2 Qf5 18. fxg7 Rfe8 19. Rac1 Qg6 20. g3 Qf5 21. Kh2 Bd5 22. Qd2 Qf3 23. Rg1 Re2 24. Qd4 Rxf2+ 25. Rg2 Qxg2# 0-1

[Event "SVK-ch U08 Girls"]
[Site "Stara Lubovna"]
[Date "2022.05.27"]
[Round "9"]
[White "Mrmusova, Marketa"]
[Black "Plancarova, Monika"]
[Result "1-0"]
[WhiteElo "1000"]
[BlackElo "1000"]
[PlyCount "103"]
[EventDate "2022.05.21"]
[EventType "tourn"]
[EventRounds "10"]
[EventCountry "SVK"]
[SourceTitle "CBM 208 Extra"]
[Source "ChessBase"]
[SourceDate "2022.07.31"]
[SourceVersion "1"]
[SourceVersionDate "2022.07.31"]
[SourceQuality "1"]

1. e4 e5 2. Nf3 Nc6 3. Bc4 Nf6 4. 0-0 Bc5 5. d3 g5 6. Bxg5 Rg8 7. Bh4 Qe7 8. Bxf6 Qxf6 9. Nc3 Qg6 10. Nb1 Qf6 11. Nc3 Qg6 12. g3 d6 13. Nd5 Be6 14. Nxc7+ Kd7 15. Nxa8 h5 16. Bxe6+ fxe6 17. Nb6+ axb6 18. Nh4 Qf6 19. Qxh5 Rh8 20. Qg4 Rf8 21. Ng6 Nd4 22. c3 Rf7 23. cxd4 Bxd4 24. Rac1 Bxf2+ 25. Rxf2 Qxf2+ 26. Kh1 Qd2 27. Rb1 Rf2 28. Qh5 Qc2 29. Qh7+ Kc6 30. Rg1 Rg2 31. Rxg2 Qc1+ 32. Rg1 Qxb2 33. Ne7+ Kc5 34. Qh8 Qxa2 35. Qc8+ Kd4 36. Qxb7 Qb2 37. Nc6+ Ke3 38. Qf7 Ke2 39. Qf1+ Kd2 40. Rg2+ Kc3 41. Rxb2 Kxb2 42. g4 b5 43. g5 b4 44. Nxb4 Kb3 45. Nc6 d5 46. exd5 exd5 47. Nxe5 Kc2 48. g6 Kc3 49. g7 Kb4 50. g8R Kc5 51. Rc8+ Kd6 52. Qf6# 1-0

[Event "SVK-ch U08 Girls"]
[Site "Stara Lubovna"]
[Date "2022.05.26"]
[Round "8"]
[White "Plancarova, Monika"]
[Black "Stricova, Viktoria Lea"]
[Result "0-1"]
[WhiteElo "1000"]
[BlackElo "1000"]
[PlyCount "66"]
[EventDate "2022.05.21"]
[EventType "tourn"]
[EventRounds "10"]
[EventCountry "SVK"]
[SourceTitle "CBM 208 Extra"]
[Source "ChessBase"]
[SourceDate "2022.07.31"]
[SourceVersion "1"]
[SourceVersionDate "2022.07.31"]
[SourceQuality "1"]

1. e4 e5 2. Nf3 Nc6 3. Nc3 Nf6 4. d3 Bb4 5. Bd2 0-0 6. Be2 h6 7. 0-0 d6 8. Nh4 Bxc3 9. Bxc3 Nd7 10. Bh5 g6 11. f4 Nf6 12. Bxg6 fxg6 13. Rf3 g5 14. Rg3 g4 15. fxe5 dxe5 16. b4 a6 17. h3 Rf7 18. Rxg4+ Nxg4 19. hxg4 Qxh4 20. Be1 Qg5 21. Bd2 Qxg4 22. Qe1 Rg7 23. Bg5 Rxg5 24. g3 Nd4 25. c3 Nc2 26. Qf2 Nxa1 27. d4 Bd7 28. c4 Rf8 29. Qe3 Nc2 30. Qc3 Ba4 31. c5 exd4 32. Qd2 Qxg3+ 33. Kh1 Rf1# 0-1